Engineering mechanics of solids (Record no. 185325)

000 -LEADER
fixed length control field 00405nam a2200145Ia 4500
008 - FIXED-LENGTH DATA ELEMENTS--GENERAL INFORMATION
fixed length control field 220217s9999||||xx |||||||||||||| ||und||
020 ## - INTERNATIONAL STANDARD BOOK NUMBER
International Standard Book Number 9788120321076
082 ## - DEWEY DECIMAL CLASSIFICATION NUMBER
Classification number 620.1 PAP
100 ## - MAIN ENTRY--PERSONAL NAME
Personal name Papov, Egor P
9 (RLIN) 9316
245 #0 - TITLE STATEMENT
Title Engineering mechanics of solids
250 ## - EDITION STATEMENT
Edition statement 2nd
260 ## - PUBLICATION, DISTRIBUTION, ETC.
Place of publication, distribution, etc. Prentice hall of india private Ltd.
Name of publisher, distributor, etc. New Delhi
Date of publication, distribution, etc. 2014
300 ## - PHYSICAL DESCRIPTION
Extent XVI, 864p.
Other physical details 525
650 ## - SUBJECT ADDED ENTRY--TOPICAL TERM
Topical term or geographic name entry element MECHANICS
Holdings
Withdrawn status Lost status Damaged status Not for loan Collection code Home library Current library Shelving location Date acquired Full call number Barcode Date last seen Price effective from Koha item type
        Mechanical Engineering Central Library Central Library Reference 02/18/2022 620.1 PAP 20514 02/18/2022 02/18/2022 Books

Powered by Koha